书目信息 |
| 题名: |
日本鲁迅学史论纲
|
|
| 作者: | 蒋永国 著 | |
| 分册: | ||
| 出版信息: | 北京 生活·读书·新知三联书店 2025.02 |
|
| 页数: | 11,509页 | |
| 开本: | 24cm | |
| 丛书名: | ||
| 单 册: | ||
| 中图分类: | I210 | |
| 科图分类: | ||
| 主题词: | 鲁迅研究--日本 | |
| 电子资源: | ||
| ISBN: | 978-7-108-07972-5 | |
| 000 | 00993nam0 2200229 450 | |
| 001 | 01053340 | |
| 005 | 20251022111126.30 | |
| 010 | @a978-7-108-07972-5@b精装@dCNY108.00 | |
| 100 | @a20250318d2025 em y0chiy0120 ea | |
| 101 | 0 | @achi |
| 102 | @aCN@b110000 | |
| 105 | @ay z 000yy | |
| 106 | @ar | |
| 200 | 1 | @a日本鲁迅学史论纲@9ri ben lu xun xue shi lun gang@f蒋永国著 |
| 210 | @a北京@c生活·读书·新知三联书店@d2025.02 | |
| 215 | @a11,509页@d24cm | |
| 330 | @a本书从日本鲁迅学的发轫、日本鲁迅学的成熟、日本鲁迅学的多元化和日本鲁迅学的式微四个方面,通过文献实证和文本细读的方法,围绕“原鲁迅”和“真鲁迅”,历时性地发掘了代表研究者的知识谱系以及他们的研究史贡献,梳理出日本百年鲁迅学发展演变的内在逻辑和演变理路,形成了百年日本鲁迅学的概貌史、观点史、方法史、文献资料史,初步构建了百年日本鲁迅学的学术、学科体系。 | |
| 606 | 0 | @a鲁迅研究@y日本 |
| 690 | @aI210@v5 | |
| 701 | 0 | @a蒋永国@9jiang yong guo@f(1974-)@4著 |
| 801 | 0 | @aCN@c20250905 |
| 905 | @a河南城建学院图书馆@dI210@eJ601@ZJ601@f1 | |
| 日本鲁迅学史论纲/蒋永国著.-北京:生活·读书·新知三联书店,2025.02 |
| 11,509页;24cm |
| ISBN 978-7-108-07972-5(精装):CNY108.00 |
| 本书从日本鲁迅学的发轫、日本鲁迅学的成熟、日本鲁迅学的多元化和日本鲁迅学的式微四个方面,通过文献实证和文本细读的方法,围绕“原鲁迅”和“真鲁迅”,历时性地发掘了代表研究者的知识谱系以及他们的研究史贡献,梳理出日本百年鲁迅学发展演变的内在逻辑和演变理路,形成了百年日本鲁迅学的概貌史、观点史、方法史、文献资料史,初步构建了百年日本鲁迅学的学术、学科体系。 |
| ● |
| 相关链接 |
|
|
|
正题名:日本鲁迅学史论纲
索取号:I210/J601
 
预约/预借
| 序号 | 登录号 | 条形码 | 馆藏地/架位号 | 状态 | 备注 |
| 1 | 1631345 | 216313451 | 文学库108/108文学库 12排3列1层/ [索取号:I210/J601] |
已借出,限还日期为2026.04.02 借出人:牛智宇 |